| 000 | 00000nam##2200000za#4500 |
| 001 | 9.534938 |
| 003 | CaOODSP |
| 005 | 20200327083149 |
| 007 | ta |
| 008 | 150406|2001||||xxc||||| f|0| 0 eng|d |
| 020 | |a0-662-65581-8 |
| 040 | |aCaOODSP|beng |
| 041 | |aeng |
| 041 | |afre |
| 043 | |an-cn--- |
| 086 | 1 |aC21-24/34-2001 |
| 110 | 1 |aCanada. |bIndustry Canada. |
| 245 | 10|aSectoral impacts of Kyoto compliance / |cby Randall Wigle. |
| 260 | |aOttawa - Ontario : |bIndustry Canada |c2001. |
| 300 | |aEnglish text, 61p. ; |c28 cm. |
| 490 | 1 |aWorking paper|vNo. 34 |
| 500 | |a"This paper looks at Canada's compliance with its Kyoto Protocol obligations, focusing on two questions: 1) What sectors are likely to be the hardest hit (and, conversely, which might benefit) from various modalities of compliance with the Kyoto Protocol? 2) How do the costs of compliance change when the domestic implementation plan exempts some sectors?"--Introduction and outline. |
| 520 | 3 |aThis paper looks at Canada's compliance with its Kyoto Protocol obligations, focusing on two questions: 1) What sectors are likely to be the hardest hit (and, conversely, which might benefit) from various modalities of compliance with the Kyoto Protocol? 2) How do the costs of compliance change when the domestic implementation plan exempts some sectors?--Introduction and outline |
| 546 | |aBilingual |
| 563 | |aSoftcover |
| 590 | |a01-43|b2001-10-26 |
| 690 | 07|aEnergy policy|2gcpds |
| 690 | 07|aEnvironmental protection|2gcpds |
| 690 | 07|aEnergy supply|2gcpds |
| 720 | 1 |aWigle, Randall |
| 776 | 0#|tSectoral impacts of Kyoto compliance / |w(CaOODSP)9.570618 |
| 776 | 0#|tLes répercussions sectorielles de l'application du protocole de Kyoto / |w(CaOODSP)9.601265 |
| 792 | |tLes répercussions sectorielles de l'application du protocole du Kyoto / |efre|w(CaOODSP)9.534939 |
| 830 | #0|aWorking paper ;|vNo. 34|w(CaOODSP)9.509052 |